[Event "South Moravia Region-chT 2223"]
[Site "Czech Republic"]
[Date "2022.11.13"]
[Round "3.7"]
[White "Solarik, Pavel"]
[Black "Slouka, Lukas"]
[Result "1/2-1/2"]
[WhiteElo "1819"]
[BlackElo "1785"]
[PlyCount "58"]
[EventDate "2022.10.09"]
[EventType "team-tourn"]
[EventRounds "11"]
[EventCountry "CZE"]
[SourceTitle "EXT 2024"]
[Source "ChessBase"]
[SourceDate "2023.10.10"]
[SourceVersion "1"]
[SourceVersionDate "2023.10.10"]
[SourceQuality "1"]

1. d4 b6 2. Nf3 e6 3. Bf4 Bb7 4. Nbd2 Nf6 5. e3 Be7 6. h3 0-0 7. Be2 c5 8. c3 Nc6 9. 0-0 Rc8 10. a3 d5 11. b4 cxd4 12. cxd4 Bd6 13. Bxd6 Qxd6 14. Qa4 Rc7 15. Rfc1 Rfc8 16. Qd1 h6 17. Rc2 e5 18. dxe5 Nxe5 19. Rac1 Rxc2 20. Rxc2 Rxc2 21. Qxc2 Nc6 22. Nb3 a5 23. b5 Ne7 24. a4 Nd7 25. Nc1 Qc5 26. Bd1 Qxc2 27. Bxc2 Nc5 28. Nd3 Nxd3 29. Bxd3 Kf8 1/2-1/2